00391nam a22001337a 450000500170000000800410001704100230005808200120008110000220009324500370011526000480015230000320020065000250023220240802121702.0240802b |||||||| |||| 00| 0 eng d aEnglish/Afrikaans  a349 NAT lEnglish/Afrikaans aSouth African Law Reports: Natal aJohannesburg: bDigma Publications, c1908  blxxiii, 780 pages; c24 cm. aLegal practice bLaw